000 00588nam a22002171 4500
001 bimo0000925294
003 OSt
005 20130606171531.0
008 900725s1974 sp spa
017 _aM 4195-1974
_bOficina Depósito Legal Madrid
020 _a84-239-1555-7
035 _a(OCoLC)432020793
040 _aSpMaBN
_cBMC
082 _a863.56
100 _aGómez de la Serna, Ramón
_d1888-1963
_946
245 1 1 _a¡Rebeca!
_cRamón Gómez de la Serna
260 0 _aMadrid
_bEspasa-Calpe
_c1974
300 _a223 p.
_c18 cm
490 0 _aAustral
_v1555
942 _2ddc
_cBK
999 _c616
_d616